Los cuadernos del hombre verde y otros

Na minha lista:
Detalhes bibliográficos
Autor principal: Bo, Efraín Tomás
Formato: Livro
Idioma:espanhol
Publicado em: Viña del Mar, Chile Investigación Gráfica 1983
Assuntos:
Tags: Adicionar Tag
Sem tags, seja o primeiro a adicionar uma tag!

MARC

LEADER 00000cam a2200000 a 4500
001 UCV9625
003 CL-VaPUC
005 20201028001354.0
008 921209e19830000CL |||||||||||||||||spa|d
999 |c 214931  |d 214929 
040 |c Pontificia Universidad Católica de Valparaíso 
082 0 4 |a 869.03 BOE 1983  |2 21 
100 0 |a Bo, Efraín Tomás  |9 303636 
245 1 4 |a Los cuadernos del hombre verde y otros 
260 0 3 |a Viña del Mar, Chile  |b Investigación Gráfica  |c 1983 
300 |a 188 páginas 
583 |a last modification  |c 20180314 14:49:16  |k Rodrigo Vera 
650 0 |a Cuentos brasileños  |9 268434 
650 0 |a Literatura brasileña  |9 269433 
942 |c BK  |2 ddc 
945 |d 19921209 00:00:00 
952 |0 0  |1 0  |2 ddc  |4 0  |6 869_030000000000000_BOE_1983  |7 0  |8 P  |9 198773  |a BIBARQ  |b BIBARQ  |d 2019-11-14  |i 3769666  |o 869.03 BOE 1983  |p 3769666  |r 2025-01-20  |t 2  |w 2019-11-14  |y BK  |k ARQ 
952 |0 0  |1 0  |2 ddc  |4 0  |6 869_030000000000000_BOE_1983  |7 0  |8 P  |9 198774  |a BIBARQ  |b BIBARQ  |d 2019-11-14  |i 3769658  |o 869.03 BOE 1983  |p 3769658  |r 2025-01-20  |t 1  |w 2019-11-14  |y BK  |k ARQ 
952 |0 0  |1 0  |2 ddc  |3 erb  |4 0  |6 869_030000000000000_BOE_1983  |7 0  |8 P  |9 198775  |a BIBARQ  |b BIBARQ  |i 5163757  |o 869.03 BOE 1983  |p 5163757  |r 2025-01-20  |t 3  |w 2019-11-14  |y BK  |z Catalogado en:20150605  |k ARQ